| 000 | 00664nam a2200253Ia 4500 | ||
|---|---|---|---|
| 005 | 20250425161754.0 | ||
| 008 | 250425s9999 xx 000 0 und d | ||
| 020 | _a9684518560 | ||
| 041 | _aspa | ||
| 082 | _a519 | ||
| 100 | _aCANAVOS, GEORGE C. | ||
| 245 | 0 | _aPROBABILIDAD Y ESTADISTICA: APLICACIONES Y METODOS | |
| 250 | _a1A ED. | ||
| 260 | _aMEXICO | ||
| 260 |
_aMéxico _bMCGRAW HILL _c1988 |
||
| 300 | _a651 | ||
| 650 | _aANALISIS DE REGRESION | ||
| 650 | _aDISTRIBUCIONES ESTADISTICAS | ||
| 650 | _aESTADISTICA DESCRIPTIVA | ||
| 650 | _aPROBABILIDAD | ||
| 700 |
_aEDMUNDO GENARO URBINA MEDAL _etraductor |
||
| 942 | _c01 | ||
| 010 | _a28357 | ||
| 999 |
_c215801 _d215801 |
||